00119 2200061 4500990001900000990001900019990001900038 a9032/PUMK/2010 a9031/PUMK/2010 a9030/PUMK/2010